Statistics for Countries The U.S Does Not Fly To

Click here to take the quiz!

General Stats

  • This quiz has been taken 42 times
  • The average score is 67 of 98

Answer Stats

Continent Country % Correct
EuropeEstonia
91%
EuropeMoldova
88%
EuropeAndorra
85%
AfricaSouth Sudan
85%
EuropeLithuania
85%
AfricaLesotho
82%
AfricaBenin
82%
AfricaSomalia
82%
AfricaNiger
82%
AfricaD.R Congo
82%
EuropeAlbania
79%
EuropeSan Marino
79%
AfricaRwanda
79%
EuropeVatican City
79%
AsiaBhutan
79%
EuropeMontenegro
79%
AfricaCongo
79%
EuropeMonaco
79%
EuropeLuxembourg
79%
AfricaSudan
79%
EuropeBosnia And Herzegovina
79%
AsiaNepal
79%
AfricaMali
76%
AfricaDjibouti
76%
AsiaNorth Korea
76%
AfricaBurundi
76%
AfricaAlgeria
76%
AfricaZimbabwe
76%
EuropeKosovo
76%
EuropeBelarus
76%
AsiaIran
76%
AfricaGuinea
73%
AfricaSão Tomé And Príncipe
73%
AfricaMalawi
73%
AfricaZambia
73%
AfricaMadagascar
73%
AfricaLibya
73%
AfricaComoros
73%
AfricaGambia
73%
AfricaAngola
73%
AfricaEritrea
73%
EuropeLiechtenstein
73%
EuropeMalta
73%
AfricaTunisia
73%
EuropeNorth Macedonia
73%
AfricaCentral African Republic
73%
AfricaGabon
73%
EuropeBulgaria
70%
EuropeRomania
70%
AsiaAfghanistan
70%
AfricaBurkina Faso
70%
AsiaMaldives
70%
AfricaChad
70%
AfricaEquatorial Guinea
70%
AsiaIraq
70%
AfricaLiberia
70%
AfricaUganda
70%
AsiaSyria
67%
AsiaArmenia
67%
AfricaNamibia
67%
AfricaGuinea-Bissau
67%
EuropeSlovakia
67%
AfricaSeychelles
67%
AfricaMozambique
67%
EuropeSlovenia
67%
AfricaBotswana
67%
AfricaEswatini
67%
AsiaOman
64%
AsiaMongolia
64%
AfricaTanzania
64%
AsiaTajikistan
61%
AfricaCameroon
61%
AsiaPakistan
61%
AsiaYemen
61%
AfricaMauritius
61%
AsiaBahrain
61%
AsiaKazakhstan
61%
AsiaTurkmenistan
61%
AfricaMauritania
61%
OceaniaNauru
61%
AfricaSierra Leone
58%
AsiaLaos
58%
AsiaMyanmar
55%
AsiaBrunei
55%
AsiaCambodia
55%
AsiaGeorgia
55%
AsiaCyprus
55%
OceaniaSolomon Islands
52%
OceaniaTuvalu
52%
AsiaKyrgyzstan
52%
AsiaEast Timor
52%
AsiaSri Lanka
48%
OceaniaPapua New Guinea
48%
AsiaBangladesh
45%
AsiaVietnam
42%
AsiaLebanon
39%
AsiaThailand
27%
AsiaIndonesia
27%

Score Distribution

Percentile by Number Answered

Percent of People with Each Score

Your Score History

You have not taken this quiz